Т. 67, № 2; Радиотехника и электроника

Bibliographic Details
Parent link:Радиотехника и электроника/ Российская академия наук (РАН), Отделение физических наук. Т. 67, № 2.— , 1956-
Language:Russian
Published: 2022
Online Access:https://sciencejournals.ru/view-issue/?j=radel&y=2022&v=67&n=2
Format: Electronic Book
KOHA link:https://koha.lib.tpu.ru/cgi-bin/koha/opac-detail.pl?biblionumber=589482

MARC

LEADER 00000nam2a2200000 4500
001 589482
005 20231101131548.0
035 |a (RuTPU)RU\TPU\prd\292198 
035 |a RU\TPU\prd\292197 
090 |a 589482 
100 |a 20230117a19569999k y0rusy50 ca 
101 0 |a rus 
102 |a RU 
181 0 |a i  
182 0 |a b 
200 0 |a Т. 67, № 2  |b Электронный ресурс 
203 |a Текст  |c электронный 
210 |d 2022 
461 1 |0 (RuTPU)RU\TPU\prd\325  |t Радиотехника и электроника  |f Российская академия наук (РАН), Отделение физических наук  |v Т. 67, № 2  |d 1956- 
801 0 |a RU  |b 63413507  |c 20010227  |g PSBO 
801 1 |a RU  |b 63413507  |c 20170126 
801 2 |a RU  |b 63413507  |c 20230117  |g RCR 
856 4 0 |u https://sciencejournals.ru/view-issue/?j=radel&y=2022&v=67&n=2 
942 |c BK